EURATOM. Its background, issues and economic implications

Saved in:
Bibliografiske detaljer
Hovedforfatter: Polach, Jaroslav G (Author)
Format: Bog
Sprog:engelsk
Udgivet: Nueva York Oceana Publications 1964
Fag:
Tags: Tilføj Tag
Ingen Tags, Vær først til at tagge denne postø!

MARC

LEADER 00000nam a2200000 a 4500
001 UCR7733
003 CL-VaPUC
008 980519e19640000US |||||||||||||||||eng|d
082 0 4 |a 341.424  |b POL  |2 21 
100 0 |a Polach, Jaroslav G  |e author  |9 409145 
245 1 0 |a EURATOM. Its background, issues and economic implications 
300 |a 232 p 
942 |c BK 
945 |d 19980519 00:00:00  |a crobeson 
260 |a Nueva York  |b Oceana Publications  |c 1964 
600 0 7 |a EURATOM  |2 CL-VaPUC  |9 381135 
650 7 |a ENERGIA ATOMICA  |2 CL-VaPUC  |9 354955 
650 0 |a Comunidad Europea  |9 255772 
650 0 |a Integración económica  |9 255024 
650 0 |a Recursos energéticos  |9 263206 
651 0 |a Europa  |9 255156 
583 |a last modification  |c 19980519 00:00:00  |k Rodrigo Vera 
999 |c 269319  |d 269317